00368nam a2200181Ia 4500003000900000008004100009040001300050040001300063041000800076100001300084245003000097250000900127260001200136260000900148300001200157490000800169490000900177IT-RoPAU120407s9999 xx 000 0 und d aIT-RoPAU cIT-RoPAU aita aEpitteto aLe diatribe e i frammenti aBari aLaterza c1989 c20,5 cm aBUL v1282